Score 0/56 Timer 06:00
0 Plays Today
Clue 4-Letter Word % Correct
Break windFART
91.9%
Manicurist's toolFILE
89.6%
Actor Penn or Connery, e.g.SEAN
89.1%
Take shapeFORM
88.9%
Sound from a snakeHISS
88.9%
Sink your teeth intoBITE
88.7%
Military installationFORT
88.5%
► Let's Make a ___
or Couple's first encounter
►DATE◄
87.9%
Hunky-doryFINE
87.7%
► ___ Noir ◄
or Cinema celluloid
►FILM◄
87.5%
► If You Know What I ___
or Cruel
►MEAN◄
86.7%
► Greatest ___
or Strikes
►HITS◄
86.6%
► ___ Flash ◄
or Current events summary
►NEWS◄
86%
Sir's counterpartDAME
85.7%
Planetarium roofDOME
85.7%
► ___
or Head coverings
►HATS◄
85.7%
► ___ Shopping ◄
or Where the heart is
►HOME◄
85.5%
Unbending or unyieldingFIRM
85.4%
Deli offeringMEAT
85.3%
Burn slightlySEAR
84.8%
Ulna or radius, e.g.BONE
84.8%
► ___
or A performance by two
►DUET◄
84.7%
► Two ___ Vocabulary ◄
or y=mx+b, e.g.
►LINE◄
84.6%
Small salamanderNEWT
84.4%
OrderlyNEAT
84.4%
Fabric fuzzLINT
83.6%
A church serviceMASS
83.6%
SharpenHONE
83.5%
Clue 4-Letter Word % Correct
An unkempt situationMESS
82.6%
The edge of nightDUSK
82.3%
► Daytime ___ Show ◄
or Chatter
►TALK◄
82%
Ivory sourceTUSK
81.3%
Do some housecleaningDUST
81.2%
Eliot the UntouchableNESS
79.3%
Agressive energy: '___ and vinegar'PISS
78.6%
A variety of avocadoHASS
78.4%
Agenda entryTASK
78.2%
A twisting vine tendrilBINE
78%
'Animal Farm' most equal animalsPIGS
75.7%
Bit of informationFACT
74.7%
Clock partFACE
74.3%
► Three-Headed Broadway ___
or A red dwarf, e.g.
►STAR◄
71.5%
Writing on the wallFATE
71.2%
Cooking fatSUET
69.2%
Bell-shaped flowerLILY
67.6%
Cheerful tuneLILT
66%
''Now!''STAT
64%
Editor's markSTET
60.3%
► Questions ___
or Exclusively
►ONLY◄
52.9%
A waterpipeBONG
50.3%
► Questions with ___
or Becomes irrational, with 'out'
►WIGS◄
48.6%
Not to be trustedOILY
43.9%
► ___ Styles ◄
or Brenda of 'The Suite Life on Deck'
►SONG◄
42.6%
A unit of loudnessSONE
40.6%
SanityWITS
40.3%
To break, in ScottishWITE
39.9%

Today's Daily Dose

You're not logged in!

Compare scores with friends on all Sporcle quizzes.
OR
Log In

Sporcle TV

Today on Sporcle TV


Watch our educational content, quiz creation guides, and fun videos on Sporcle TV.

Show Comments

Extras

Top Quizzes Today


Score Distribution

Paid Content

Your Account Isn't Verified!

In order to create a playlist on Sporcle, you need to verify the email address you used during registration. Go to your Sporcle Settings to finish the process.

Report this User

Report this user for behavior that violates our Community Guidelines.

Details: